- Tapia Silva, Alejandra
Entry Nombre Personal
001 - NUMERO DE CONTROL
- campo de control: 48596
003 - IDENTIFICADOR DE NUMERO DE CONTROL
- campo de control: DLC
005 - FECHA Y HORA DE LA ÜLTIMA TRANSACCIÓN
- campo de control: 20230328105525.0
008 - DATOS DE LONGITUD FIJA
- campo de control de longitud fija: 190829n|eazannaabn |a aaa c
010 ## - NÚMERO DE CONTROL DE LA BIBLIOTECA DEL CONGRESO
- Número de control LC: ns2019002301
035 ## - NUMERO DE CONTROL
- Número de control: (CaEvSKY)skya12070013
040 ## - FUENTE DE CATALOGACIÓN
- Agencia original de catalogación: MX-SnUAN
- Lenguaje de catalogación: spa
- Description conventions: rda
- Agencia de transcripción: MX-SnUAN
- Agencia que lo modifica: MX-MoT
- Agencia que lo modifica: MX-MxUPN
100 1# - ENCABEZAMIENTO - NOMBRE PERSONAL
- Nombre personal: Tapia Silva, Alejandra
372 ## - CAMPO DE ACTIVIDAD
- Fuente del término: lcsh
373 ## - GRUPO ASOCIADO
- Associated group: Planeta (Firm : Mexico City, Mexico)
- Associated group: Colegio de México
- Fuente del término: naf
373 ## - GRUPO ASOCIADO
- Associated group: Universidad Nacional Autónoma de México. Centro de Investigaciones y Estudios de Género
- Associated group: VF Agencia Literaria
374 ## - OCUPACIÓN
- Occupation: Traductor
- Occupation: Profesora universitaria
377 ## - LENGUA ASOCIADA
- Language code: spa
378 ## - FORMA COMPLETA DE NOMBRE PERSONAL
- Fuller form of personal name: Nancy Alejandra
400 1# - VEÁSE - NOMBRE DE PERSONA
- Personal name: Tapia Silva, Nancy Alejandra
670 ## - FUENTE EN LA QUE SE LOCALIZARON DATOS
- Cita de la fuente: El retrato de Dorian Gray, 2013:
- Información localizada: portada (traducción: Alejandra Tapia Silva)
670 ## - FUENTE EN LA QUE SE LOCALIZARON DATOS
- Cita de la fuente: La traidora, 2021:
- Información localizada: portada (traducción de Nancy Alejandra Tapia Silva)
670 ## - FUENTE EN LA QUE SE LOCALIZARON DATOS
- Cita de la fuente: LinkedIn, March 4, 2022
- Información localizada: (ALejandra Tapia Silva; publisher Centro de Investigaciones y Estudios de Género (CIEG, UNAM); Editor and translator in the academic and literature fields Planeta; Community Manager VF Agencia Literaria; Master's Degree in Japan Studies-Literature, El Colegio de México)
670 ## - FUENTE EN LA QUE SE LOCALIZARON DATOS
- Cita de la fuente: UNAM, Centro de Estudios de Género, website, March 4, 2022
- Información localizada: (Nancy Alejandra Tapia Silva; Since 2018, she has been working as Academic Technician A, associated with the Publications Department of the Center for Research and Gender Studies at UNAM)
670 ## - FUENTE EN LA QUE SE LOCALIZARON DATOS
- Cita de la fuente: Anti-manual de la lengua española para un lenguaje no sexista, 2022:
- Información localizada: portada (Alejandra Tapia Silva)
902 ## - CATALOGADOR
- Catalogador: Víctor Ruiz/280323
